[Event "NOR-chT north"]
[Site "Harstad"]
[Date "2006.01.29"]
[Round "4"]
[White "Olsen, Jorn Ole"]
[Black "Utheim, Marius"]
[Result "0-1"]
[WhiteElo "807"]
[BlackElo "994"]
[PlyCount "70"]
[EventDate "2006.01.27"]
[EventType "team"]
[EventRounds "5"]
[EventCountry "NOR"]
[SourceTitle "EXT 2008"]
[Source "ChessBase"]
[SourceDate "2007.11.25"]
[SourceVersion "1"]
[SourceVersionDate "2007.11.25"]
[SourceQuality "1"]

1. e4 e5 2. Nf3 Nc6 3. c4 Nf6 4. d3 Bc5 5. Be2 0-0 6. Nc3 d6 7. a3 Be6 8. b4 Bd4 9. Nxd4 Nxd4 10. 0-0 c6 11. a4 d5 12. exd5 cxd5 13. b5 dxc4 14. dxc4 Qa5 15. Bb2 Rad8 16. Bd3 Qb4 17. Rb1 Bxc4 18. Bxc4 Qxc4 19. f4 exf4 20. Rxf4 Ne2+ 21. Qxe2 Qxf4 22. Rf1 Qb4 23. Qc2 a5 24. Na2 Qd2 25. Qb1 Rd3 26. Bxf6 gxf6 27. Rxf6 Ra3 28. Rf2 Qd4 29. Qc2 Re8 30. Kf1 Rxa4 31. Rd2 Qf4+ 32. Rf2 Qxh2 33. Re2 Qh1+ 34. Kf2 Rf4+ 35. Kg3 Qh4# 0-1